00936 2200181 4500001002100000005001500021035002000036245007200056100002200128250001700150300003000167260003100197082000800228084001400236020002200250650001400272520046800286INLIS00000000000029520240601085604 a0010-06240000041 aSeri Warnai dan Pasangkan :bTokoh-Tokoh Gagah /cPatappa, Rae Sita0 aPatappa, Rae Sita acetakan ke-1 a32 hlm :bilus ;c25,5 cm aSolo :bTiga Ananda,c2019 a793 a793 PAT s a978-623-206-181-1 4aBuku Anak aDalam buku ini terdapat 15 tokoh karakter gagah dan juga dilengkapi dengan deskripsinya. Tokoh-tokohnya unik sekali. Selain mengenal tokoh-tokoh di buku ini. Kita juga akan diajak untuk mewarnai, menggunting sesuai garisnya pada tokoh tersebut. Setelah itu, ditempelkan pada tempat yang sudah disediakan. Kemudian, jangan lupa untuk memainkan setiap peran. Selain itu, kita juga dapat berimajinasi dengan cerita yang dapat kita mainkan dari setiap tokoh-tokoh itu